Guide for the care and use of laboratory animals
A respected resource for decades, the Guide for the Care and Use of Laboratory Animals has been updated by a committee of experts, taking into consideration input from the scientific and laboratory animal communities and the public at large. The Guide incorporates new scientific information on commo...
Wedi'i Gadw mewn:
| Awduron Corfforaethol: | , |
|---|---|
| Fformat: | Llyfr |
| Iaith: | Undetermined |
| Cyhoeddwyd: |
Washington, D.C.
National Academies Press
2011
|
| Pynciau: | |
| Tagiau: |
Ychwanegu Tag
Dim Tagiau, Byddwch y cyntaf i dagio'r cofnod hwn!
|
| Thư viện lưu trữ: | Trung tâm Học liệu Trường Đại học Cần Thơ |
|---|
| LEADER | 01600nam a2200217Ia 4500 | ||
|---|---|---|---|
| 001 | CTU_238402 | ||
| 008 | 210402s9999 xx 000 0 und d | ||
| 082 | |a 616.027 | ||
| 082 | |b C734 | ||
| 110 | |a National Research Council (U.S.). | ||
| 110 | |b Committee for the Update of the Guide for the Care and Use of Laboratory Animals | ||
| 245 | 0 | |a Guide for the care and use of laboratory animals | |
| 245 | 0 | |c National Research Council (U.S.). Committee for the Update of the Guide for the Care and Use of Laboratory Animals | |
| 260 | |a Washington, D.C. | ||
| 260 | |b National Academies Press | ||
| 260 | |c 2011 | ||
| 520 | |a A respected resource for decades, the Guide for the Care and Use of Laboratory Animals has been updated by a committee of experts, taking into consideration input from the scientific and laboratory animal communities and the public at large. The Guide incorporates new scientific information on common laboratory animals, including aquatic species, and includes extensive references. It provides a framework for the judgments required in the management of animal facilities. This updated and expanded resource of proven value will be important to scientists and researchers, veterinarians, animal care personnel, facilities managers, institutional administrators, policy makers involved in research issues, and animal welfare advocates. | ||
| 650 | |a Động vật thí nghiệm,Laboratory animals | ||
| 650 | |x Sổ tay, sách hướng dẫn, v.v.,Handbooks, manuals, etc. | ||
| 910 | |b dqhieu | ||
| 980 | |a Trung tâm Học liệu Trường Đại học Cần Thơ | ||